|
|
|
|
| LEADER |
00950ncm a2200277 a 4500 |
| 001 |
000458502 |
| 003 |
CZ BrMZK |
| 005 |
20101011202659.0 |
| 008 |
020010X1999 xr f cze d |
| 015 |
|
|
|a cnb000926881
|
| 024 |
2 |
|
|a M706518022
|
| 028 |
0 |
3 |
|b Rosa
|
| 040 |
|
|
|a BOA001
|b cze
|
| 080 |
|
|
|a 784.6:23/28
|2 MRF
|
| 100 |
1 |
|
|a Hrubý, Josef,
|d 1932-2017
|7 jk01042960
|4 cmp
|4 lyr
|
| 245 |
1 |
0 |
|a Učedníci
|h [hudebnina] /
|c Josef Hrubý
|
| 250 |
|
|
|a 1. vyd.
|
| 260 |
|
|
|a Praha :
|b Rosa,
|c c1999
|
| 300 |
|
|
|a 145 s. :
|b il. ;
|c 21 cm
|
| 500 |
|
|
|a Zpěv s akord. značkami propojený textem z jednotl. alb
|
| 653 |
0 |
|
|a křesťanské folkové písně
|a křesťanské písně
|a zpěvníky
|
| 910 |
|
|
|a BOA001
|b Mus2-1065.625
|
| 964 |
|
|
|a Písně křesťanské
|x zpěvníky
|x HUD
|
| 964 |
|
|
|a Zpěvníky
|x písně křesťanské
|x HUD
|
| 990 |
|
|
|a MU
|
| 996 |
6 |
|
|b 2610104522
|c Mus2-1065.625
|l MZK
|r Sklad / do 1 hodiny
|n 6
|p p.v.
|w 000458502
|u 000010
|a 1
|e BOA001
|j MZK50
|s P
|